Movies Quiz

Random Movies or Artist Quiz

Movie Makeup Oscar Winners Quiz Stats

 Plays Quiz Updated Nov 8, 2018

Score 0/35 Timer 08:00
0 Plays Today
Movie Title % Correct
Mrs. Doubtfire
91%
Braveheart
90%
Terminator 2: Judgment Day
88.6%
The Nutty Professor
77.8%
The Chronicles of Narnia: The Lion, the Witch and the Wardrobe
73%
The Curious Case of Benjamin Button
72.2%
Men in Black
69.7%
Suicide Squad
67.3%
Lemony Snicket's A Series of Unfortunate Events
64.7%
The Iron Lady
64.3%
Les Misérables
63.7%
Dr. Seuss' How the Grinch Stole Christmas
62.2%
Elizabeth
60.2%
Bram Stoker's Dracula
53.7%
The Lord of the Rings: The Fellowship of the Ring
52.1%
Dallas Buyers Club
51.8%
Beetlejuice
51.3%
The Lord of the Rings: The Return of the King
50.3%
Movie Title % Correct
Star Trek
49.7%
Mad Max: Fury Road
45.8%
Harry and the Hendersons
45.6%
Frida
45.4%
Pan's Labyrinth
43.8%
Mask
41%
The Grand Budapest Hotel
33.4%
An American Werewolf in London
32.7%
The Wolfman
32.7%
The Fly
30.7%
Amadeus
29.7%
Ed Wood
27.4%
Dick Tracy
21%
Driving Miss Daisy
20.5%
La Vie en Rose
19.5%
Quest for Fire
5%
Topsy-Turvy
3.9%

You're not logged in!

Compare scores with friends on all Sporcle quizzes.
OR
Log In

You Might Also Like...

Show Comments

Extras

Top Quizzes Today


Score Distribution

Your Account Isn't Verified!

In order to create a playlist on Sporcle, you need to verify the email address you used during registration. Go to your Sporcle Settings to finish the process.

Report this User

Report this user for behavior that violates our Community Guidelines.

Details: